[Event "Guimaraes Open 2019"]
[Site "Guimaraes"]
[Date "2019.08.30"]
[Round "4.27"]
[White "Giraldo Guerrero, Laureano"]
[Black "Patino Romaris, Juan Roberto"]
[Result "0-1"]
[WhiteElo "1763"]
[BlackElo "2141"]
[Annotator "TA"]
[PlyCount "74"]
[EventDate "2019.08.28"]
[EventType "swiss"]
[EventCountry "POR"]
[SourceTitle "playchess.com"]
[Source "ChessBase"]
[SourceQuality "1"]

{[%evp 11,74,-12,-10,-3,-15,-51,-54,-93,-58,-47,-40,-64,-24,-29,-6,0,0,-37,0,-4,-4,0,0,0,-14,-145,-121,-167,-166,-235,-235,-224,-236,-218,-215,-337,-325,-345,-345,-353,-338,-352,-352,-371,-370,-363,-361,-364,-295,-374,-288,-490,-492,-626,-591,-664,-641,-1822,-1154,-29972,-29976,-29971,-29969,-29974,-29975]} 1. e4 e6 2. d4 d5 3. exd5 exd5 4. c4 Bb4+ 5. Nc3 Ne7 6. cxd5 Nxd5 7. Bd2 {C01: French: Exchange Variation} O-O 8. Bc4 (8. Be2 Qd6 9. Bf3 Nf6 10. Nge2 Nc6 11. a3 Bxc3 12. bxc3 Bg4 13. Bxg4 Nxg4 14. Bf4 Qd7 {0-1 (45) Langner,L (2397)-Malinovsky,K (2469) Czech Republic 2018}) 8... Nb6 9. Be2 $146 {Black is slightly better.} ({Predecessor:} 9. Qb3 Qxd4 10. Qxb4 Nxc4 11. O-O-O Nc6 12. Qa4 Be6 13. b3 b5 14. Qxb5 N6e5 15. Nge2 Nd3+ 16. Kb1 Na3+ 17. Ka1 Nxb5 18. Nxd4 Nxd4 19. Be3 Nc2+ 20. Kb1 Nxe3 {0-1 (20) Arnarsson,H (2109)-Jensson,E (2305) Reykjavik 2013}) 9... Qxd4 10. Nf3 Qd8 11. O-O Nc6 12. Qc2 Nd4 13. Nxd4 Qxd4 14. Rad1 Bd6 15. Nb5 {[#]} Bxh2+ $1 {[%mdl 576] Decoy} 16. Kxh2 Qe5+ {[%mdl 64] Double Attack} 17. Kg1 {Strongly threatening Bc3.} Qxe2 18. Nd4 (18. Nxc7 $11 {keeps the balance.} Rb8 19. Rfe1) 18... Qc4 19. Bc3 Nd5 20. Nf5 (20. Ba5 {might work better.} Qxc2 21. Nxc2) 20... Bxf5 $19 21. Qxf5 Nxc3 22. bxc3 Rad8 23. Rd7 (23. Qa5 {was called for.}) 23... g6 (23... Qxa2 $2 24. Rxc7 b6 25. Qb5 $19) ({Resist} 23... Qxc3 24. Re7 $19) 24. Qh3 Rxd7 ({Don't do} 24... Qxa2 25. Rxc7 b5 26. Rc5 $19) 25. Qxd7 Qxc3 {[%mdl 4096] Endgame KQR-KQR} 26. Rd1 a5 27. a4 b6 28. g3 h5 29. Rd4 Kg7 30. Rf4 c6 31. Rd4 $2 {[#]} (31. Qc7 {was necessary.}) 31... b5 $1 32. axb5 cxb5 33. Qd5 a4 {[%cal Ba5a4,Ba4a3,Ba3a2][%mdl 32]} 34. g4 hxg4 35. Rxg4 a3 {Black mates.} 36. Rg3 Qb2 37. Rb3 {[#]} a2 $1 {[%mdl 512] Accuracy: White = 40%, Black = 63%.} 0-1

[Event "Guimaraes Open 2019"]
[Site "Guimaraes"]
[Date "2019.08.30"]
[Round "4.28"]
[White "Goncalves, Samuel Jesus P"]
[Black "Rodrigues, Afonso"]
[Result "0-1"]
[WhiteElo "1679"]
[BlackElo "2134"]
[Annotator "TA"]
[PlyCount "48"]
[EventDate "2019.08.28"]
[EventType "swiss"]
[EventCountry "POR"]
[SourceTitle "playchess.com"]
[Source "ChessBase"]
[SourceQuality "1"]

{[%evp 9,48,-18,-18,-21,-22,-13,-30,-30,0,-10,0,-9,-7,0,0,0,13,0,9,10,16,-16,-14,-19,-16,-66,-30,-76,-51,-62,-45,-127,-115,-153,-153,-159,-103,-384,-380,-460,-392]} 1. e4 e6 2. d4 d5 3. exd5 exd5 4. Nf3 Nf6 5. Bf4 Bd6 6. Bxd6 {C01: French: Exchange Variation} Qxd6 7. c3 O-O 8. Be2 {Black has an edge.} Bg4 9. O-O Nbd7 10. h3 $146 ({Predecessor:} 10. Nbd2 Rfe8 11. Re1 Qb6 12. Qb3 c6 13. Bd3 Bxf3 14. Nxf3 g6 {½-½ (14) Westerinen,H (2382)-Gdanski,J (2512) Myyrmanni 1999}) 10... Bh5 11. Nbd2 Rae8 12. Re1 Ne4 13. Nxe4 dxe4 14. Nd2 Bg6 15. Bh5 Bxh5 16. Qxh5 f5 17. Re2 Re6 18. Rae1 Qf4 {[#] White must now prevent ...Rh6.} 19. Re3 Nf6 $36 {[%mdl 2048] White is under pressure.} 20. Qe2 (20. Qd1 $1 $15) 20... Nd5 $17 21. Rf3 Qh6 22. Rg3 {[#]} f4 (22... b5 $142 $1 {[%mdl 512]} 23. Rf3 (23. Qxb5 Qxd2) 23... c6) 23. Rf3 $2 {[%mdl 8192]} (23. Rg4 $17 {was the only defense.}) 23... Rfe8 $19 ({Stronger than} 23... exf3 24. Qxe6+ Qxe6 25. Rxe6 $14) 24. Qc4 c6 {Accuracy: White = 24%, Black = 43%.} ({Not} 24... exf3 25. Qxd5 fxg2 26. Kxg2 $19) 0-1

[Event "Guimaraes Open 2019"]
[Site "Guimaraes"]
[Date "2019.08.30"]
[Round "4.29"]
[White "Bukhteeva, Viktoria"]
[Black "Saran Vikash Velumani"]
[Result "1-0"]
[WhiteElo "2128"]
[BlackElo "1439"]
[Annotator "TA"]
[PlyCount "55"]
[EventDate "2019.08.28"]
[EventType "swiss"]
[EventCountry "POR"]
[SourceTitle "playchess.com"]
[Source "ChessBase"]
[SourceQuality "1"]

{[%evp 17,55,0,0,0,0,0,0,-18,0,-6,0,0,0,0,0,0,8,11,13,18,39,30,6,14,70,66,146,133,134,154,288,324,283,294,279,176,277,277,287,259]} 1. d4 Nf6 2. Nf3 g6 3. Bf4 Bg7 4. e3 O-O 5. Be2 d6 6. h3 b6 7. O-O Bb7 8. Nbd2 Nbd7 9. c3 Qe8 10. Bh2 {A48: 1 d4 Nf6 2 Nf3 g6: Torre, London and Colle Systems} (10. a4 a6 11. Qc2 e5 12. dxe5 dxe5 13. Bh2 e4 14. Nd4 Ne5 15. a5 b5 16. c4 b4 17. c5 Bd5 {0-1 (32) Vovk,Y (2617)-Wei,Y (2734) Baku 2015}) 10... e5 11. dxe5 dxe5 12. Qc2 {The position is equal.} a6 13. e4 $146 ({Predecessor:} 13. Ne1 Qe7 14. e4 Rfe8 15. Bf3 a5 16. Nd3 Rad8 17. Rfd1 {0-1 (41) Fenner,M (2062)-Habibi,A (2272) Lieme 2007}) 13... Nh5 14. Rfe1 Nf4 15. Bf1 Qe7 16. Nc4 {[%cal Bd2c4,Bc4e3,Be3f5][%mdl 32]} Rfe8 17. Rad1 Rad8 18. b4 Nb8 19. Kh1 Rxd1 20. Rxd1 g5 (20... Nd7 $11) 21. Ne3 $14 h5 (21... Qf6 $14) 22. Nf5 $16 Qf6 23. Bxf4 exf4 (23... gxf4 $16 24. Bc4 b5) 24. e5 $18 Qg6 {[#]} 25. Rd8 $1 {[%cal Rd8e8][%mdl 512]} Kf8 (25... Rxd8 26. Ne7+) 26. Rxe8+ Kxe8 27. Bd3 Kf8 28. Nd6 {[%mdl 64] Discovered Attack. Accuracy: White = 84%, Black = 32%.} 1-0

[Event "Guimaraes Open 2019"]
[Site "Guimaraes"]
[Date "2019.08.30"]
[Round "4.30"]
[White "Mendes, Bruno Daniel Duraes "]
[Black "Fernandes, Miguel A. Murtinho"]
[Result "1/2-1/2"]
[WhiteElo "1442"]
[BlackElo "2108"]
[Annotator "TA"]
[PlyCount "59"]
[EventDate "2019.08.28"]
[EventType "swiss"]
[EventCountry "POR"]
[SourceTitle "playchess.com"]
[Source "ChessBase"]
[SourceQuality "1"]

{[%evp 9,59,-2,25,19,46,28,33,10,22,26,16,3,133,125,125,127,117,115,137,137,152,148,160,141,173,127,141,129,147,147,166,134,141,122,138,119,127,90,166,70,89,72,78,68,98,24,85,0,93,0,88,0]} 1. d4 d5 2. Bf4 Nf6 3. e3 c5 4. c3 Nc6 5. Nd2 Qb6 6. Qb3 {D00: 1 d4 d5: Unusual lines} c4 (6... Nh5 7. Qxb6 axb6 8. Bc7 cxd4 9. exd4 e5 10. Bxe5 Nxe5 11. dxe5 Bc5 12. g3 O-O {1-0 (76) Aronian,L (2765)-Caruana,F (2832) London 2018}) 7. Qc2 $1 Nh5 8. Bg3 {White is slightly better.} Nxg3 9. hxg3 g6 10. e4 dxe4 $146 (10... e6 $11 {keeps the balance.}) ({Predecessor:} 10... e6 11. e5 Qc7 12. Ngf3 b5 {1-0 (51) Ryan,J (2284)-Al Ansi,A (1948) Barbera del Valles 2017}) 11. Nxc4 $16 Qc7 12. Qxe4 Bf5 13. Qf4 Qxf4 14. gxf4 Bg7 15. Be2 h5 16. Nf3 O-O 17. O-O Bf6 18. Nfe5 Kg7 19. Ne3 Bc8 20. Bb5 Nd8 21. d5 Rh8 22. Ba4 a6 23. c4 h4 {[#]} (23... b6 $16 {is a better defense.}) 24. Nd3 (24. c5 $1 $18) 24... h3 25. g3 h2+ 26. Kh1 Bd4 27. Nc2 (27. Bd1 $16) 27... Bf6 (27... Ba7 $11) 28. Ne3 Bd4 29. Nc2 Bf6 30. Ne3 {Accuracy: White = 28%, Black = 24%.} (30. Ne5 $16) 1/2-1/2

[Event "Guimaraes Open 2019"]
[Site "Guimaraes"]
[Date "2019.08.30"]
[Round "4.31"]
[White "Gomez Peco, David"]
[Black "Abdurramane, Danial Germano"]
[Result "1-0"]
[WhiteElo "2104"]
[BlackElo "1405"]
[Annotator "TA"]
[PlyCount "69"]
[EventDate "2019.08.28"]
[EventType "swiss"]
[EventCountry "POR"]
[SourceTitle "playchess.com"]
[Source "ChessBase"]
[SourceQuality "1"]

{[%evp 9,69,42,37,22,25,18,18,18,18,9,43,40,247,241,218,239,208,24,22,37,33,34,21,18,21,25,56,-425,-264,-403,-388,-392,-396,-394,-391,-382,-390,-556,-553,-521,-500,-483,-441,-429,-354,-543,-529,-568,-522,-483,249,252,245,228,313,329,498,389,795,747,29998,29999]} 1. e4 e6 2. d4 d5 3. Bd3 Nf6 4. e5 Nfd7 5. c3 c5 6. f4 {C01: French: Exchange Variation} (6. Nf3 Nc6 7. O-O Qb6 8. Bc2 Be7 9. a3 a5 10. Re1 f6 11. exf6 Nxf6 12. Qd3 Bd7 13. Nbd2 cxd4 14. cxd4 O-O 15. b3 Rac8 {1-0 (57) Onischuk,V (2623)-Krishna,C (2380) Bastia 2017}) 6... Nc6 7. Nf3 Qb6 {[%cal Rc5d4]} 8. Bc2 {The position is equal.} cxd4 9. cxd4 Be7 10. O-O Nxd4 $2 ({Black should play} 10... f5 $14) 11. Nxd4 $18 Bc5 12. Be3 $146 ({Predecessor:} 12. Kh1 Bxd4 {0-1 (67) Laorden,G (1743)-Avila,P (1945) La Banda 2017}) 12... Qxb2 {[#]} 13. Qd3 $2 ({Inferior is} 13. f5 O-O $11) ({White has to play} 13. Qd2 $1 $18) 13... Qxa1 $11 14. Nc3 Qb2 {White must now prevent ...a6.} 15. Ncb5 $1 {[%mdl 1024] Hoping for Bb3. White has compensation.} Bb6 $1 {aiming for ...Nc5.} 16. Bb3 {Strongly threatening Rb1.} Nc5 $1 {[%cal Rc5d3]} 17. Qd1 $1 {And now Nd6+ would win.} Ne4 {Threatens to win with ...Bd7.} 18. Kh1 $2 {[%mdl 8192]} (18. Re1 $1 $14 {was forced to keep a grip.}) 18... a6 19. Qd3 (19. Nd6+ {is the only way for White.} Nxd6 20. exd6) 19... O-O $19 20. Rb1 Nf2+ 21. Bxf2 Qxf2 22. Rf1 Qh4 23. Nf3 (23. Nd6 $142) 23... Qxf4 24. Bc2 {[%csl Gc2][%cal Rd3h7]} Qe4 25. Qd1 Qg4 ({Not} 25... axb5 26. Bxe4 dxe4 27. Ng5 $15) 26. Nd6 Bc5 27. Qd3 (27. Bxh7+ $142 Kh8 28. Bd3) 27... g6 28. Qd2 Bxd6 29. exd6 Bd7 $4 {[%mdl 8192]} (29... f6 $19 {and life is good for Black.} 30. a4 b5) 30. Ne5 $1 $18 {[%csl LRd7,LRg4][%mdl 64] [#] Double Attack} Qh4 31. Nxd7 Rfd8 32. Nf6+ Kf8 (32... Kg7 $142 33. Qc3 d4) 33. d7 Ke7 $2 (33... Kg7 34. Qc3 d4) 34. Qc3 {[%cal Rc3c5]} Qc4 35. Qa3+ {Accuracy: White = 52%, Black = 39%.} 1-0

[Event "Guimaraes Open 2019"]
[Site "Guimaraes"]
[Date "2019.08.30"]
[Round "4.32"]
[White "Dong, Rafael"]
[Black "Pintor, Simao Maciel Abranch"]
[Result "0-1"]
[WhiteElo "1432"]
[BlackElo "2076"]
[Annotator "NA RC"]
[PlyCount "102"]
[EventDate "2019.08.28"]
[EventType "swiss"]
[EventCountry "POR"]
[SourceTitle "playchess.com"]
[Source "ChessBase"]
[SourceQuality "1"]
[TimeControl "5400+30"]

1. c4 {[%emt 0:00:00]} e6 {[%emt 0:00:23]} 2. Nc3 {[%emt 0:00:00]} d5 {[%emt 0:00:05]} 3. cxd5 {[%emt 0:00:07]} exd5 {[%emt 0:00:05]} 4. d4 {[%emt 0:00:13]} c5 {[%emt 0:00:05]} 5. Nf3 {[%emt 0:00:17]} Nc6 {[%emt 0:00:05]} 6. Bf4 {[%emt 0:00:18]} Nf6 {[%emt 0:00:34]} 7. e3 {[%emt 0:00:19]} cxd4 {[%emt 0:01:47]} 8. Nxd4 {[%emt 0:01:55]} Bb4 {[%emt 0:07:32]} 9. Nxc6 {[%emt 0:08:09]} bxc6 {[%emt 0:00:12]} 10. Bd3 {[%emt 0:01:01]} O-O {[%emt 0:02:18]} 11. Qc2 {[%emt 0:03:24]} d4 {[%emt 0:01:47]} 12. exd4 {[%emt 0:00:39]} Re8+ {[%emt 0:03:31]} 13. Be3 {[%emt 0:00:23]} Qxd4 {[%emt 0:08:53]} 14. O-O {[%emt 0:02:07]} Qh4 {[%emt 0:00:45]} 15. g3 {[%emt 0:04:15]} Qh3 {[%emt 0:02:20]} 16. Bf4 {[%emt 0:03:08]} Be6 {[%emt 0:07:42]} 17. a3 {[%emt 0:00:26]} Bc5 {[%emt 0:00:45]} 18. Kh1 {[%emt 0:02:15]} Nd5 {[%emt 0:04:23]} 19. Nxd5 {[%emt 0:01:07]} Bxd5+ {[%emt 0:00:04]} 20. f3 {[%emt 0:00:11]} Be3 {[%emt 0:00:40]} 21. Bf5 {[%emt 0:02:26]} Qh5 {[%emt 0:01:41]} 22. Bg4 {[%emt 0:00:40]} Qg6 {[%emt 0:00:08]} 23. Qxg6 {[%emt 0:00:13]} fxg6 {[%emt 0:01:01]} 24. Bd7 {[%emt 0:04:37]} Re7 {[%emt 0:01:23]} 25. Bxe3 {[%emt 0:02:45]} Rxe3 {[%emt 0:00:23]} 26. Kg2 {[%emt 0:00:23]} Rf8 {[%emt 0:01:20]} 27. Rac1 {[%emt 0:04:26]} Re2+ {[%emt 0:01:57]} 28. Kg1 {[%emt 0:00:30]} Rf6 {[%emt 0:04:39]} 29. b4 {[%emt 0:00:47]} Bxf3 {[%emt 0:00:27]} 30. Rxf3 {[%emt 0:01:01]} Rxf3 {[%emt 0:00:16]} 31. Bg4 {[%emt 0:00:07]} Ree3 {[%emt 0:00:29]} 32. Bxf3 {[%emt 0:00:26]} Rxf3 {[%emt 0:00:03]} 33. a4 {[%emt 0:01:45]} Rf6 {[%emt 0:02:24]} 34. Kg2 {[%emt 0:01:26]} g5 {[%emt 0:01:23]} 35. g4 {[%emt 0:00:19]} Rf4 {[%emt 0:01:18]} 36. Rxc6 {[%emt 0:00:48]} Rxg4+ {[%emt 0:00:14]} 37. Kf3 {[%emt 0:00:25]} Rxb4 {[%emt 0:00:18]} 38. Ra6 {[%emt 0:00:18]} Rb7 {[%emt 0:00:55]} 39. Ke4 {[%emt 0:00:48]} g6 {[%emt 0:00:52]} 40. Ke5 {[%emt 0:01:02]} Kg7 {[%emt 0:00:08]} 41. Ra5 {[%emt 0:02:28]} Rf7 {[%emt 0:01:31]} 42. Ke6 {[%emt 0:02:29]} g4 {[%emt 0:02:29]} 43. Kd6 {[%emt 0:02:14]} h5 {[%emt 0:00:23]} 44. Rb5 {[%emt 0:02:16]} Rf2 {[%emt 0:01:53]} 45. Rb7+ {[%emt 0:00:23]} Kf6 {[%emt 0:00:06]} 46. Rxa7 {[%emt 0:00:19]} Rd2+ {[%emt 0:00:25]} 47. Kc5 {[%emt 0:00:18]} Rxh2 {[%emt 0:00:09]} 48. Rb7 {[%emt 0:00:45]} Ra2 {[%emt 0:00:44]} 49. Rb4 {[%emt 0:02:01]} g3 {[%emt 0:00:18]} 50. Kb5 {[%emt 0:00:32]} g2 {[%emt 0:00:21]} 51. Rb1 {[%emt 0:00:11]} h4 {[%emt 0:00:43]} 0-1

[Event "Guimaraes Open 2019"]
[Site "Guimaraes"]
[Date "2019.08.30"]
[Round "4.33"]
[White "Sanleon Pravisano, Nieves"]
[Black "Pinto, Andre Jorge Pimparel"]
[Result "1-0"]
[WhiteElo "1995"]
[BlackElo "1386"]
[Annotator "NA RC"]
[PlyCount "71"]
[EventDate "2019.08.28"]
[EventType "swiss"]
[EventCountry "POR"]
[SourceTitle "playchess.com"]
[Source "ChessBase"]
[SourceQuality "1"]
[TimeControl "5400+30"]

1. d4 {[%emt 0:00:00]} d5 {[%emt 0:00:00]} 2. c4 {[%emt 0:00:00]} c6 {[%emt 0:00:00]} 3. Nf3 {[%emt 0:00:00]} Nf6 {[%emt 0:01:30]} 4. Nc3 {[%emt 0:00:00]} dxc4 {[%emt 0:05:03]} 5. a4 {[%emt 0:00:19]} Bf5 {[%emt 0:00:25]} 6. e3 {[%emt 0:00:46]} Bd3 {[%emt 0:00:50]} 7. Bxd3 {[%emt 0:00:31]} cxd3 {[%emt 0:00:05]} 8. Qxd3 {[%emt 0:00:07]} e6 {[%emt 0:00:06]} 9. O-O {[%emt 0:07:07]} Be7 {[%emt 0:07:22] D18: Slav Defence: 5 a4 Bf5 6 e3} 10. Rd1 {[%emt 0:05:12]} O-O {[%emt 0:02:31]} 11. e4 {[%emt 0:02:39]} a5 {[%emt 0:10:17]} 12. Bg5 {[%emt 0:05:21]} Na6 {[%emt 0:09:59]} 13. Bxf6 $146 {[%emt 0:04:36]} ({Predecessor:} 13. Rac1 Nb4 14. Qd2 Qb6 15. d5 Rfd8 16. Qe2 Qa6 17. Qxa6 Nxa6 {1-0 (33) Moradiabadi,E (2439)-Ibrahimov,R (2501) Teheran 2005}) 13... Bxf6 {[%emt 0:00:32]} 14. e5 {[%emt 0:00:06]} Be7 {[%emt 0:00:26]} 15. Qe4 {[%emt 0:00:47]} Qb6 {[%emt 0:03:11]} 16. Qg4 {[%emt 0:10:36]} Nb4 {[%emt 0:20:53]} 17. Ne4 {[%emt 0:08:18]} Nd5 {[%emt 0:00:54]} 18. Nfd2 {[%emt 0:24:10]} Qb4 {[%emt 0:10:22]} 19. Ra3 {[%emt 0:06:49]} b5 {[%emt 0:05:22]} 20. Rg3 {[%emt 0:02:10]} g6 $17 {[%emt 0:01:02]} 21. h4 {[%emt 0:05:04]} h5 {[%emt 0:02:25]} 22. Qxh5 {[%emt 0:03:19]} Qxa4 {[%emt 0:01:38]} 23. Qg4 {[%emt 0:01:28]} Bxh4 {[%emt 0:03:12]} 24. b3 {[%emt 0:00:09]} Qxd4 {[%emt 0:04:42]} 25. Nf6+ {[%emt 0:00:09]} Nxf6 {[%emt 0:00:09]} 26. Qxd4 {[%emt 0:00:04]} Bxg3 {[%emt 0:00:09]} 27. exf6 {[%emt 0:00:14]} e5 {[%emt 0:01:27]} 28. Qg4 {[%emt 0:00:40]} Bf4 {[%emt 0:00:15]} 29. Ne4 {[%emt 0:00:08]} Rfd8 {[%emt 0:00:52]} 30. g3 {[%emt 0:00:09]} Bh6 {[%emt 0:01:44]} 31. Rxd8+ {[%emt 0:00:20]} Rxd8 {[%emt 0:00:02]} 32. Qh4 {[%emt 0:01:10]} Bc1 {[%emt 0:01:31]} 33. g4 {[%emt 0:00:47]} Rd4 {[%emt 0:02:55]} 34. g5 {[%emt 0:00:40]} Bxg5 {[%emt 0:00:47]} 35. Qxg5 {[%emt 0:00:04]} Kf8 {[%emt 0:00:19]} 36. Qxe5 {[%emt 0:00:10]} 1-0

[Event "Guimaraes Open 2019"]
[Site "Guimaraes"]
[Date "2019.08.30"]
[Round "4.34"]
[White "Lopez Diaz, Pablo"]
[Black "Pinheiro, Albano"]
[Result "0-1"]
[WhiteElo "1340"]
[BlackElo "1989"]
[Annotator "NA RC"]
[PlyCount "87"]
[EventDate "2019.08.28"]
[EventType "swiss"]
[EventCountry "POR"]
[SourceTitle "playchess.com"]
[Source "ChessBase"]
[SourceQuality "1"]
[TimeControl "5400+30"]

1. d4 {[%emt 0:00:00]} Nf6 {[%emt 0:01:44]} 2. c4 {[%emt 0:00:00]} e5 {[%emt 0:00:04]} 3. dxe5 {[%emt 0:00:17]} Ng4 {[%emt 0:00:09]} 4. Bf4 {[%emt 0:01:30]} Bb4+ {[%emt 0:00:07]} 5. Nd2 {[%emt 0:03:08]} Nc6 {[%emt 0:00:24]} 6. Ngf3 {[%emt 0:00:08]} Qe7 {[%emt 0:00:09]} 7. e4 {[%emt 0:02:35] A52: Budapest Gambit} (7. a3 Ngxe5 8. Nxe5 Nxe5 9. e3 Bxd2+ 10. Qxd2 O-O 11. c5 Rd8 12. Qd5 d6 13. cxd6 cxd6 14. Be2 Be6 15. Qd2 Bc4 16. Bxc4 Nxc4 17. Qd4 d5 18. O-O Na5 {½-½ (30) Tari,A (2595)-Maghsoodloo,P (2584) Kocaeli 2017}) 7... Ngxe5 {[%emt 0:00:27]} 8. Nxe5 {[%emt 0:01:10]} Nxe5 {[%emt 0:00:30]} 9. a3 {[%emt 0:06:25]} Bxd2+ {[%emt 0:02:06]} 10. Qxd2 {[%emt 0:01:02]} d6 {[%emt 0:00:17]} 11. Bd3 {[%emt 0:02:36]} O-O $146 {[%emt 0:07:46]} ({Predecessor:} 11... Nxd3+ 12. Qxd3 O-O 13. O-O Re8 14. Rad1 Qxe4 {½-½ (14) Adamicka,R (1578)-Roth,P (1616) Slovakia 2000}) 12. O-O {[%emt 0:02:00]} Re8 {[%emt 0:04:27]} 13. Rfe1 {[%emt 0:05:56]} Qf6 {[%emt 0:03:37]} 14. Bg3 {[%emt 0:04:57]} Nxd3 {[%emt 0:01:11]} 15. Qxd3 {[%emt 0:00:12]} Qxb2 {[%emt 0:00:07]} 16. e5 {[%emt 0:04:49]} dxe5 {[%emt 0:13:58]} 17. Rab1 {[%emt 0:01:15]} Qa2 {[%emt 0:00:25]} 18. Bxe5 {[%emt 0:02:34]} Be6 {[%emt 0:04:20]} 19. Qg3 {[%emt 0:23:59]} g6 {[%emt 0:02:41]} 20. Qg5 {[%emt 0:00:41]} Bf5 {[%emt 0:03:41]} 21. Rbc1 {[%emt 0:04:56]} Rxe5 {[%emt 0:10:38]} 22. Rxe5 {[%emt 0:00:21]} Be6 {[%emt 0:00:33]} 23. Qf6 {[%emt 0:08:46]} Qxa3 {[%emt 0:05:23]} 24. Rce1 {[%emt 0:02:53]} Qd6 {[%emt 0:04:00]} 25. h4 {[%emt 0:03:22]} Re8 $14 {[%emt 0:06:04]} 26. h5 {[%emt 0:08:03]} Qd8 {[%emt 0:00:28]} 27. Qf3 {[%emt 0:02:00]} b6 {[%emt 0:02:03]} 28. h6 {[%emt 0:01:23]} Qh4 {[%emt 0:03:59]} 29. Qe3 {[%emt 0:00:52]} Qe7 {[%emt 0:04:18]} 30. f4 {[%emt 0:01:19]} Qf6 {[%emt 0:01:42]} 31. Qc3 {[%emt 0:01:01]} Rf8 {[%emt 0:03:32]} 32. Rf1 {[%emt 0:02:06]} Bg4 {[%emt 0:03:47]} (32... a5 $142) 33. Rfe1 {[%emt 0:03:04]} Be6 {[%emt 0:01:26]} 34. Qe3 {[%emt 0:00:21]} Kh8 {[%emt 0:02:38]} 35. g4 {[%emt 0:00:39]} Qh4 {[%emt 0:01:22]} 36. g5 {[%emt 0:02:14]} Qg4+ {[%emt 0:00:14]} 37. Kf2 {[%emt 0:00:32]} Qh4+ {[%emt 0:00:33]} 38. Ke2 {[%emt 0:00:43]} Qh2+ {[%emt 0:01:52]} 39. Kd1 {[%emt 0:00:33]} Rd8+ {[%emt 0:00:24]} 40. Kc1 {[%emt 0:00:11]} Qa2 {[%emt 0:03:55]} 41. Qc3 {[%emt 0:00:21]} Qxc4 {[%emt 0:00:13]} 42. Rxe6+ {[%emt 0:00:07]} Qxc3+ {[%emt 0:00:05]} 43. Kb1 {[%emt 0:00:22]} Qxe1+ 44. Rxe1 0-1

[Event "Guimaraes Open 2019"]
[Site "Guimaraes"]
[Date "2019.08.30"]
[Round "4.35"]
[White "Martins, Diogo Faria Oliveira"]
[Black "Silva, Jose Lucas Ferreira"]
[Result "1-0"]
[WhiteElo "1984"]
[BlackElo "1261"]
[Annotator "NA RC"]
[PlyCount "83"]
[EventDate "2019.08.28"]
[EventType "swiss"]
[EventCountry "POR"]
[SourceTitle "playchess.com"]
[Source "ChessBase"]
[SourceQuality "1"]
[TimeControl "5400+30"]

1. g3 {[%emt 0:07:24]} e5 {[%emt 0:01:13]} 2. Bg2 {[%emt 0:00:20]} d5 {[%emt 0:00:13]} 3. c4 {[%emt 0:00:05]} Nf6 {[%emt 0:01:10]} 4. cxd5 {[%emt 0:00:04]} Nxd5 {[%emt 0:00:30]} 5. Nc3 {[%emt 0:00:05]} Be6 {[%emt 0:01:28]} 6. Nf3 {[%emt 0:00:05]} Nc6 {[%emt 0:00:30]} 7. O-O {[%emt 0:00:57]} g6 {[%emt 0:00:24]} 8. d4 {[%emt 0:00:20]} Bg7 {[%emt 0:09:10]} 9. dxe5 {[%emt 0:03:27]} Nxc3 {[%emt 0:01:36]} 10. bxc3 {[%emt 0:00:12]} Nxe5 {[%emt 0:00:12]} 11. Nxe5 {[%emt 0:00:05]} Bxe5 {[%emt 0:00:11]} 12. Bxb7 {[%emt 0:00:21]} Qxd1 {[%emt 0:00:38]} 13. Rxd1 {[%emt 0:00:06]} Rb8 {[%emt 0:00:05]} 14. Bc6+ {[%emt 0:00:07]} Ke7 {[%emt 0:00:14]} 15. Ba3+ {[%emt 0:00:27]} Kf6 {[%emt 0:00:19]} 16. Bb4 {[%emt 0:04:50]} Rhd8 {[%emt 0:01:26]} 17. e4 {[%emt 0:11:31]} Bd6 {[%emt 0:03:58]} 18. a3 {[%emt 0:01:28]} Bxb4 {[%emt 0:00:48]} 19. axb4 {[%emt 0:00:24]} Rxd1+ {[%emt 0:00:21]} 20. Rxd1 {[%emt 0:00:30]} Rb6 {[%emt 0:01:01]} 21. Bd5 {[%emt 0:02:55]} Rd6 {[%emt 0:05:15]} 22. f4 {[%emt 0:00:25]} Ke7 {[%emt 0:00:43]} 23. Rd4 {[%emt 0:00:55]} c6 {[%emt 0:04:35]} 24. Bxe6 {[%emt 0:01:05]} Rxd4 {[%emt 0:00:10]} 25. cxd4 {[%emt 0:00:04]} Kxe6 {[%emt 0:00:07]} 26. Kf2 {[%emt 0:00:34]} f5 {[%emt 0:07:23]} 27. e5 {[%emt 0:01:04]} h6 {[%emt 0:01:28]} 28. Ke3 {[%emt 0:00:09]} Kd5 {[%emt 0:00:19]} 29. Kd3 {[%emt 0:00:03]} g5 {[%emt 0:00:53]} 30. Kc3 {[%emt 0:00:07]} a6 {[%emt 0:00:19]} 31. Kd3 {[%emt 0:00:05]} g4 {[%emt 0:00:45]} 32. Kc3 {[%emt 0:00:02]} h5 {[%emt 0:00:59]} 33. Kd3 {[%emt 0:00:07]} Ke6 {[%emt 0:00:18]} 34. Kc4 {[%emt 0:00:06]} Kd7 {[%emt 0:00:11]} 35. Kc5 {[%emt 0:00:05]} Kc7 {[%emt 0:00:25]} 36. e6 {[%emt 0:00:04]} Kd8 {[%emt 0:00:30]} 37. Kd6 {[%emt 0:00:23]} Ke8 {[%emt 0:00:36]} 38. e7 {[%emt 0:00:10]} c5 {[%emt 0:00:12]} 39. dxc5 {[%emt 0:00:05]} a5 {[%emt 0:00:11]} 40. bxa5 {[%emt 0:00:07]} h4 {[%emt 0:00:06]} 41. gxh4 {[%emt 0:00:05]} g3 {[%emt 0:00:08]} 42. hxg3 {[%emt 0:00:05]} 1-0